000 01422nam a2200289Ia 4500
999 _c55185
_d55185
001 22260
003 GE_BSU
005 20230220162036.0
008 181216s2014||||ge |||||||||||||| ||geo||
020 _a978-9941-437-69-4
040 _cGE_BSU
041 _ageo
080 _a27-475.5 ს-23
245 _aსამოციქულო მამები = The Apostolic Fathers /
_cთარგმნა, წინასიტყვ. და განმარტებები დაურთო ვიქტორია ჯუღელმა ; რედ. დამანა მელიქიშვილი.
264 _aთბილისი :
_bლოგოსი,
_c2014.
300 _a512 გვ. ;
_c21 სმ.
490 _aპროგრამა ლოგოსი
500 _aპარალელური თავფურცელი ინგლისურ ენაზე
500 _aსაძიებელი გვ. 502-512
504 _aბიბლიოგრაფია ტექსტების შენიშვნები
541 _h25 ლ.
653 _aრელიგია
653 _aსამოციქულო მამები
700 _aჯუღელი, ვიქტორია
_eმთარგმნელი
_93641
700 _aმელიქიშვილი, დამანა
_eრედაქტორი
_98281
942 _cBK
_2udc